000 01327nam a2200325Ia 4500
020 _a0538681071 (Book 1)
020 _a0538681098 (Book 2)
020 _a053868111X (Book 3)
020 _a053868108X (Book 1, T. ed.)
020 _a0538681101 (Book 2, T. ed.)
020 _a0538681128 (Book 3, T. ed.)
040 _cSBM
082 _a510 SOU 1998 A027 Or.
100 1 _aLynch, Chicha
245 1 0 _aSouth-Western mathmatters :
_ban integrated approach /
246 3 0 _aMathmatters
246 3 0 _aMath matters
260 _aCincinnati, Ohio :
_bSouth-Western Educational Pub.,
_cc1998
300 _a3 v. :
_bcol. ill. ;
_c27 cm. +
_e3 teacher's annotated editions
500 _aIncludes indexes
500 _a"To complement the Math Matters series, South-Western presents www.mathmatters.com, a home page that connects students to up-to-date data they can use with the decision-making activities in all three books"--p. [iv] of cover
520 _a"Math Matters ... uses algebra, geometry, and topics of discrete math to investigate mathematical applications in the real world"--p. [iv] of cover
650 0 _aMathematics
650 0 _aAlgebra
650 0 _aGeometry
700 1 _aOlmstead, Eugene
710 2 _aSouth-Western Educational Publishing
856 4 1 _uhttp://www.mathmatters.com/
942 _cEK
999 _c13505
_d13505